|
|
|
|
| LEADER |
02173nam a2200349 a 4500 |
| 001 |
17783 |
| 003 |
BD-DhAAL |
| 008 |
100502s2005 nyua 001 0 eng d |
| 010 |
|
|
|a 98008685
|
| 020 |
|
|
|a 0070604843
|
| 020 |
|
|
|a 0070381593
|
| 040 |
|
|
|a DLC
|c DLC
|d DLC
|d DB-DhAAL
|
| 082 |
0 |
0 |
|a 511.322
|2 21
|
| 100 |
1 |
|
|a Lipschutz, Seymour.
|9 29104
|
| 245 |
1 |
0 |
|a Schaum's outline of theory and problems of set theory and related topics /
|c Seymour Lipschutz.
|
| 246 |
3 |
0 |
|a Theory and problems of set theory and related topics
|
| 246 |
1 |
4 |
|a Set theory and related topics
|
| 250 |
|
|
|a 2nd ed.
|
| 260 |
|
|
|a New York ;
|a New Delhi:
|b Tata McGraw-Hill,
|c 2005.
|
| 300 |
|
|
|a vi, 282 p. :
|b ill. ;
|c 28 cm
|
| 490 |
0 |
|
|a Schaum's outline series
|
| 500 |
|
|
|a Includes index.
|
| 526 |
|
|
|a MNS
|x Fardousi Ara Begum
Faculty Member of BRAC University
Course Name : Principles of Mathematics (MAT 111)
|
| 541 |
1 |
|
|e 17783, 17784, 17785
|a Paragon Enterprises LTD
|
| 650 |
|
0 |
|a Set theory
|x Outlines, syllabi, etc.
|9 57684
|
| 650 |
|
0 |
|a Set theory
|x Problems, exercises, etc.
|9 57685
|
| 852 |
4 |
|
|a Ayesha Abed Library
|c General Stacks
|
| 942 |
|
|
|2 ddc
|c BK
|
| 999 |
|
|
|c 8346
|d 8346
|
| 952 |
|
|
|0 0
|1 0
|2 ddc
|4 0
|6 511_322000000000000_LIP
|7 0
|9 9649
|a BRACUL
|b BRACUL
|c GEN
|d 2010-05-02
|e Paragon Enterprises LTD
|g 383.00
|l 13
|m 45
|o 511.322 LIP
|p 3010017783
|r 2024-02-29
|s 2024-02-18
|t 1
|w 2010-05-02
|y BK
|x Requisitioned by Ferdousi Ara Begum (Faculty Member of BRAC University) for the course named- "Principles of Mathematics (MAT 111)".
|
| 952 |
|
|
|0 0
|1 0
|2 ddc
|4 0
|6 511_322000000000000_LIP
|7 0
|9 9650
|a BRACUL
|b BRACUL
|c GEN
|d 2010-05-02
|e Paragon Enterprises LTD
|g 383.00
|l 14
|m 57
|o 511.322 LIP
|p 3010017784
|r 2025-11-05
|s 2025-10-24
|t 2
|w 2010-05-02
|y BK
|x Requisitioned by Ferdousi Ara Begum (Faculty Member of BRAC University) for the course named- "Principles of Mathematics (MAT 111)".
|
| 952 |
|
|
|0 0
|1 0
|2 ddc
|4 0
|6 511_322000000000000_LIP_2005
|7 0
|9 9651
|a BRACUL
|b BRACUL
|c GEN
|d 2010-05-02
|e Paragon Enterprises LTD
|g 383.00
|l 14
|m 28
|o 511.322 LIP
|p 3010017785
|r 2025-07-02
|s 2025-06-30
|t 3
|w 2010-05-02
|y BK
|x Requisitioned by Ferdousi Ara Begum (Faculty Member of BRAC University) for the course named- "Principles of Mathematics (MAT 111)".
|